Štýly líderstva uplatňované v školskej praxi
Úrovne líderstva a transformatívny štýl vedenia. Štýly vodcovstva so zameraním na líderstvo v škole. Diferencovanie líderských štýlov do sústav. Situačné, transakčné a transformatívne líderstvo.
Salvato in:
| Autore principale: | |
|---|---|
| Natura: | Capitolo di libro |
| Lingua: | slovacco |
| Soggetti: | |
| Tags: |
Nessun Tag, puoi essere il primo ad aggiungerne!!
|
MARC
| LEADER | 00000naa a2200000 4500 | ||
|---|---|---|---|
| 001 | 0278786 | ||
| 005 | 20210929091620.4 | ||
| 041 | 0 | |a slo | |
| 044 | |a SK | ||
| 245 | 1 | 0 | |a Štýly líderstva uplatňované v školskej praxi |c Lucia Pašková |
| 520 | |a Úrovne líderstva a transformatívny štýl vedenia. Štýly vodcovstva so zameraním na líderstvo v škole. Diferencovanie líderských štýlov do sústav. Situačné, transakčné a transformatívne líderstvo. | ||
| 610 | 2 | 0 | |a školstvo |
| 610 | 2 | 0 | |a lídri |
| 610 | 2 | 0 | |a vodcovstvo |
| 610 | 2 | 0 | |a učitelia |
| 610 | 2 | 0 | |a riaditelia |
| 100 | 1 | |a Pašková, Lucia | |